| 000 | 01039nam a22003377a 4500 | ||
|---|---|---|---|
| 003 | CHAP | ||
| 005 | 20220817044421.0 | ||
| 008 | 110202s2009 fr a r 00010 spa d | ||
| 010 | _a100406 | ||
| 011 | _a101378 | ||
| 035 | _a112066 | ||
| 040 | _cCHAP | ||
| 090 | _aFolleto 17901 | ||
| 110 | 2 | _aFAO | |
| 245 | 1 | 3 |
_aAgricultura : _bobtener adelantos sostenibles en agricultura _c/por FAO |
| 260 |
_aRome : _bFAO, _c2009 |
||
| 300 |
_a1 hoja : _bilus. |
||
| 490 | 0 | _aPor un mundo sin hambre | |
| 590 |
_aBATCH-UPD _b10 _c20130110 _lUCH01 _h1009 |
||
| 590 |
_aBATCH-UPD _b10 _c20130410 _lUCH01 _h0617 |
||
| 590 |
_aBATCH-UPD _b10 _c20130913 _lUCH01 _h2227 |
||
| 590 |
_aCONVERSION _b10 _c20130109 _lUCH01 _h1355 |
||
| 650 | 1 | 4 | _aAgricultura sustentable. |
| 650 | 1 | 4 |
_aAgricultura. _91172 |
| 650 | 1 | 4 |
_aRecursos naturales _xConservación. |
| 650 | 1 | 4 |
_aSalud pública. _9101813 |
| 830 | 0 |
_aPor un mundo sin hambre _990926 |
|
| 901 | _aBK | ||
| 942 | _cFOLL | ||
| 949 |
_aFolleto 17901 _bBC _cFAO _d33724002230199 _eFAO1 _gDonaciØn _i112066 _sb |
||
| 999 |
_c100406 _d100406 |
||